LEADER 01388nam--2200409---450- 001 990003175790203316 005 20081118183517.0 010 $a88-230-1172-8 035 $a000317579 035 $aUSA01000317579 035 $a(ALEPH)000317579USA01 035 $a000317579 100 $a20081118d2007----km-y0itay50------ba 101 $aita 102 $aIT 105 $a||||||||001yy 200 1 $a15 anni dopo: pubblico è meglio$eindagine sulla trasformazione dei servizi pubblici, del lavoro e della partecipazione democratica$fa cura di Cinzia Arruzza e Corrado Oddi 210 $aRoma$cEdiesse$dcopyr. 2007 215 $a272 p.$d21 cm 225 2 $aNuovo municipio 300 $aIn testa al front: Arci, Associazione Nuovo Municipio, Attac Italia, Funzione Pubblica Cgil 410 0$1001$12001$aNuovo municipio 517 1 $aQuindici anni dopo: pubblico è meglio 606 0 $aServizi pubblici$xPrivatizzazione$yItalia 676 $a363.60945 702 1$aARRUZZA,$bCinzia 702 1$aODDI,$bCorrado 801 0$aIT$bsalbc$gISBD 912 $a990003175790203316 951 $aDSSP 363.60945 ARR$b14888 DSSP 959 $aBK 969 $aDSSP 979 $aDSSP1$b10$c20081118$lUSA01$h1828 979 $aDSSP1$b10$c20081118$lUSA01$h1829 979 $aDSSP1$b10$c20081118$lUSA01$h1835 996 $a15 anni dopo: pubblico è meglio$91013897 997 $aUNISA LEADER 00949nam2-22003251i-450 001 990005417590203316 005 20190520103523.0 010 $a978-1-4020-6608-5 035 $a000541759 035 $aUSA01000541759 035 $a(ALEPH)000541759USA01 100 $a20090901d2008----km y1itay5003----ba 101 0 $aeng 102 $aGB 200 1 $a<<1.:>> Family change$fCharlotte Höhn, Dragana Avramov, Irena E. Kotowska, editors 210 $aBerlin$cSpringer$dc2008 215 $aXI, 441 p.$cill.$d25 cm 461 1$1001000540381$12001$aPeople, population change and policies$v1 606 0 $aPopolazione$xEuropa$2BNCF 676 $a304.6094 702 1$aHOHN,$bCharlotte 702 1$aAVRAMOV,$bDragana 702 1$aKOTOWSKA,$bIrena 801 0$aIT$bSOL$c20120104 912 $a990005417590203316 951 $a300 304.6094 HOH$b14761 DISES 959 $aBK 969 $aDISES 996 $aFamily change$91142972 997 $aUNISA